Ismét kitárja kapuit az ifjúsági könyvtár

Elmentve itt :
Bibliográfiai részletek
Szerző: Kulka Eszter
Dokumentumtípus: Cikk
Megjelent: 1976-11-07
Sorozat:Délmagyarország 66 No. 264
Kulcsszavak:Somogyi-könyvtár
Online Access:http://dmarchiv.bibl.u-szeged.hu/96459
LEADER 00467nab a2200157 i 4500
001 delm96459
005 20190426125342.0
008 190426s1976 hu o 0|| hun d
040 |a SZTE Délmagyarország Archívum  |b hun 
041 |a hun 
100 1 |a Kulka Eszter 
245 1 0 |a Ismét kitárja kapuit az ifjúsági könyvtár  |h [elektronikus dokumentum] /  |c  Kulka Eszter 
260 |c 1976-11-07 
300 |a 4 
490 0 |a Délmagyarország  |v 66 No. 264 
695 |a Somogyi-könyvtár